| 000 | 00479nam a2200157Ia 4500 | ||
|---|---|---|---|
| 005 | 20241015081422.0 | ||
| 008 | 240331s9999 xx 000 0 und d | ||
| 020 | _a955913616X | ||
| 082 |
_bWIJ _a820 |
||
| 100 | _aWijesinha, R | ||
| 245 | 0 |
_aServants : _ba cycle |
|
| 260 |
_aColombo _bMcCallum Books Pvt Ltd _c1995 |
||
| 300 | _avi, 117 p ., | ||
| 500 | _aAn Anthology of Contemporary Sri Lankan Poetry in English A Selection of Sri Lankan Short Stories in English | ||
| 942 | _cL | ||
| 999 |
_c3173 _d3173 |
||